000 00284nam a22001337a 4500
008 170529b xxu||||| |||| 00| 0 eng d
020 _a3341001131
041 _ager
080 _a62
100 _a27
101 _aIM
245 _aGRUNDLAGEN DER AUTOMATISIERUNG
942 _2udc
_cBK
999 _c14757
_d14757